000 00385cam a2200157ua 4500
041 _aeng
_h
082 _a828.09
_bLEV/CO
100 _aLevin, Harry .
245 _aContexts of criticism /
_cHarry Levin.
_hTextual Documents
250 _a1 /
_b.
260 _aLondon :
_bHarward University Press ,
_c1958.
300 _a294 ; .
504 _a
942 _cBK
999 _c3517
_d3517